Pokémon - Les attaques de Chamallot - Statistiques

Statistiques générales
  • Ce quiz a été pris 18 fois
    16 depuis la dernière actualisation
  • Le résultat moyen est 11 sur 15
Statistiques - réponses
Niveaux Types Noms des attaques % Correct
Niveau 5 Feu Flammèche
100%
Niveau 31 Normal Bélier
89%
Niveau 47 Normal Damoclès
89%
Niveau 29 Spectre Malédiction
89%
Niveau 40 Sol Séisme
89%
Niveau 19 Psy Amnésie
78%
Départ Normal Charge
78%
Niveau 43 Feu Lance-Flammes
78%
Niveau 12 Sol Piétisol
78%
Niveau 15 Feu Roue de Feu
78%
Départ Normal Rugissement
78%
Niveau 26 Sol Telluriforce
67%
Niveau 22 Feu Ébullilave
56%
Niveau 36 Normal Bâillement
44%
Niveau 8 Normal Puissance
22%
Aucun quiz correspondant
Distribution des résultats
% des personnes avec chaque résultat
Percentile par nombre de réponses
Votre historique - résultats
Vous n’avez pas pris ce quiz depuis la dernière actualisation